|
|
|
|
| LEADER |
01054nam a22002772a 4500 |
| 001 |
000048838 |
| 003 |
CZ BrMZK |
| 005 |
20230523071223.0 |
| 008 |
951201s1989 xr a f 000 0 cze d |
| 015 |
|
|
|a cnb000050191
|
| 020 |
|
|
|a 80-04-23980-3
|
| 040 |
|
|
|a BOA001
|b cze
|
| 080 |
|
|
|a 372.853(075.3):373.54
|2 MRF
|
| 245 |
0 |
0 |
|a Sbírka úloh z fyziky pro gymnázia.
|n Díl 2 /
|c zpracoval Václav Koubek ... [et al.]
|
| 250 |
|
|
|a 1. vyd.
|
| 260 |
|
|
|a Praha :
|b SPN,
|c 1989
|
| 300 |
|
|
|a 220 s. :
|b il. ;
|c 21 cm
|
| 490 |
1 |
|
|a Učebnice pro střední školy
|
| 500 |
|
|
|a 60000 výt.
|
| 700 |
1 |
|
|a Koubek, Václav,
|d 1948-2016
|7 jn99240000505
|
| 830 |
|
0 |
|a Učebnice pro střední školy (Státní pedagogické nakladatelství)
|0 s
|
| 856 |
4 |
1 |
|u http://www.digitalniknihovna.cz/mzk/uuid/uuid:455e3bb0-10b7-11e3-9923-005056827e52
|y Digitalizovaný dokument
|x NDK
|
| 910 |
|
|
|a BOA001
|b PK-0108.674,2
|
| 964 |
|
|
|a Fyzika - příklady - gymnázia
|
| 990 |
|
|
|a BK
|
| 996 |
7 |
|
|b 3119980760
|c PK-0108.674,2
|l MZK
|r Sklad / do 1 hodiny
|n 11
|w 000048838
|u 000010
|a 1
|e BOA001
|j MZK50
|s A
|